MARC

LEADER 00000nam0a2200000 4500
001 51289
005 20231031035142.0
035 |a (RuTPU)RU\TPU\book\53695 
090 |a 51289 
100 |a 20030428d1970 km y0rusy50 ca 
101 0 |a rus 
102 |a RU 
105 |a a z 001zy 
200 1 |a Теория и расчет электрических аппаратов  |f Ю. Н. Новиков  |g Под ред. В. В. Афанасьева 
210 |a Ленинград  |c Энергия  |d 1970 
215 |a 327 с.  |c ил. 
320 |a Библиогр.: с. 322-325 
610 1 |a электрические аппараты 
610 1 |a электрические приборы 
610 1 |a расчеты 
610 1 |a низкое напряжение 
610 1 |a высокое напряжение 
610 1 |a постоянный ток 
610 1 |a переменный ток 
610 1 |a электрическая дуга 
610 1 |a электромагниты 
675 |a 621.3.025  |v 3 
700 1 |a Новиков  |b Ю. Н.  |g Юрий Николаевич 
702 1 |a Афанасьев  |b В. В.  |4 340 
801 1 |a RU  |b 63413507  |c 20030428  |g PSBO 
801 2 |a RU  |b 63413507  |c 20200129  |g PSBO 
942 |c BK